[Event "Prva A liga SSFBiH"]
[Site "Neum"]
[Date "2012.08.30"]
[Round "8.2"]
[White "Sestic, Nermin"]
[Black "Mataradzic, Almir"]
[Result "1-0"]
[WhiteElo "2138"]
[BlackElo "2104"]
[PlyCount "141"]
[EventDate "2012.08.25"]

1. d4 Nf6 2. c4 e6 3. Nf3 c5 4. d5 b5 5. Bg5 h6 6. Bf4 exd5 7. cxd5 d6 8. e3 a6
9. a3 Be7 10. h3 O-O 11. Nc3 Bb7 12. b4 cxb4 13. axb4 Nbd7 14. Qb3 Nb6 15. Rd1
Rc8 16. e4 Re8 17. Be2 Bf8 18. Rd4 Qc7 19. Bd2 g6 20. O-O Bg7 21. Rc1 Nc4 22.
Bxc4 bxc4 23. Qc2 Nd7 24. Be3 Ne5 25. Nxe5 Bxe5 26. Rdd1 Bg7 27. Qd2 Kh7 28. f3
Qe7 29. Bd4 Be5 30. Ne2 Rc7 31. Bxe5 Qxe5 32. Qd4 f5 33. Qxe5 Rxe5 34. Rd4 Rce7
35. Rcxc4 fxe4 36. fxe4 Bxd5 37. Rxd5 Rxd5 38. exd5 Rxe2 39. Rc7+ Kg8 40. Rc6
Rb2 41. Rxd6 Kf7 42. Rb6 a5 43. Ra6 a4 44. d6 a3 45. b5 Rd2 46. Ra7+ Kf6 47.
Rxa3 Ke5 48. Rb3 Rxd6 49. b6 Rd8 50. b7 Rb8 51. Rb6 g5 52. Kf2 h5 53. Rb5+ Kf4
54. g3+ Ke4 55. Rxg5 Rxb7 56. Rxh5 Rb2+ 57. Ke1 Kf3 58. Rg5 Ke3 59. Kd1 Rh2 60.
h4 Kd3 61. Ke1 Ke3 62. Kf1 Kf3 63. Kg1 Rb2 64. h5 Rc2 65. Rg6 Rg2+ 66. Kh1 Rc2
67. h6 Rc5 68. Kh2 Rh5+ 69. Kg1 Rh3 70. g4 Rg3+ 71. Kh2 1-0

[Event "Prva A liga SSFBiH"]
[Site "Neum"]
[Date "2012.08.30"]
[Round "8.2"]
[White "Miladinovic, Zlatko"]
[Black "Besirevic, Jasmin"]
[Result "1-0"]
[WhiteElo "1962"]
[BlackElo "1957"]
[PlyCount "99"]
[EventDate "2012.08.25"]

1. Nf3 Nf6 2. g3 d5 3. c4 c6 4. cxd5 cxd5 5. Bg2 e6 6. O-O Be7 7. b3 O-O 8. Bb2
Ne4 9. d3 Bf6 10. Qc1 Bxb2 11. Qxb2 Nf6 12. Nbd2 b6 13. e4 dxe4 14. Nxe4 Nxe4
15. dxe4 Bb7 16. Ne5 Nc6 17. Nxc6 Bxc6 18. Rac1 Bb7 19. Rfd1 Qe7 20. Rc2 Rfd8
21. Rcd2 Rxd2 22. Qxd2 Kf8 23. e5 Bxg2 24. Kxg2 Re8 25. Qd3 g6 26. h4 Kg7 27.
h5 Qg5 28. hxg6 hxg6 29. f4 Qe7 30. Qd7 Kf8 31. Kf3 Qa3 32. Rh1 Ra8 33. Rh8+
Kg7 34. Rxa8 Qc1 35. Rxa7 Qf1+ 36. Ke3 Qe1+ 37. Kd4 Qd2+ 38. Kc4 Qc2+ 39. Kb5
Qc5+ 40. Ka6 Qa5+ 41. Kb7 Qc5 42. a3 g5 43. b4 Qc2 44. Kb8 Qg6 45. Qxf7+ Qxf7
46. Rxf7+ Kxf7 47. fxg5 Kg6 48. Kc7 Kxg5 49. Kxb6 Kf5 50. a4 1-0

[Event "Prva A liga SSFBiH"]
[Site "Neum"]
[Date "2012.08.30"]
[Round "8.3"]
[White "Saric, Sinisa"]
[Black "Bajric, Sakib"]
[Result "1-0"]
[WhiteElo "2433"]
[BlackElo "2202"]
[PlyCount "88"]
[EventDate "2012.08.25"]

1. d4 g6 2. c4 Bg7 3. e4 d6 4. Nf3 e5 5. Bg5 f6 6. Be3 Nc6 7. Nc3 Bg4 8. d5
Nce7 9. c5 Nh6 10. Bb5+ Bd7 11. Qb3 b6 12. cxb6 cxb6 13. h3 Nf7 14. Rc1 O-O 15.
O-O f5 16. Rc2 f4 17. Bd2 g5 18. Nh2 h5 19. Be2 g4 20. hxg4 h4 21. Rfc1 Ng5 22.
f3 h3 23. Nb5 Rf6 24. Bf1 hxg2 25. Bxg2 a6 26. Nc7 Rb8 27. Nxa6 Rb7 28. a4 Rh6
29. Nc7 Rb8 30. Be1 Kf7 31. Nb5 Qh8 32. Nf1 Rc8 33. Rxc8 Bxc8 34. Kf2 Rh2 35.
Nxd6+ Kg6 36. Nxh2 Qxh2 37. Nxc8 Nh3+ 38. Ke2 Qxg2+ 39. Kd1 Ng8 40. Rc3 Qf1 41.
Qc4 Qg1 42. Qe2 Qd4+ 43. Kc2 Qxa4+ 44. Kb1 Ng5 1-0

[Event "Prva A liga SSFBiH"]
[Site "Neum"]
[Date "2012.08.30"]
[Round "8.3"]
[White "Okicic, Nermin"]
[Black "Nurkic, Sahbaz"]
[Result "0-1"]
[WhiteElo "2170"]
[BlackElo "2397"]
[PlyCount "94"]
[EventDate "2012.08.25"]

1. d4 Nf6 2. Nf3 c5 3. e3 e6 4. Be2 cxd4 5. exd4 Be7 6. O-O O-O 7. c3 Nc6 8.
Bg5 d6 9. h3 b6 10. Re1 Bb7 11. Nbd2 Nd5 12. Bxe7 Ncxe7 13. Bf1 Rc8 14. Rc1 Qd7
15. Qb3 Nf6 16. Bd3 Rc7 17. Ne4 Nxe4 18. Bxe4 Bxe4 19. Rxe4 b5 20. Re2 Nd5 21.
Qd1 Rfc8 22. Rec2 a6 23. Ne1 Rc6 24. Nd3 Qc7 25. a3 a5 26. Ne1 Rc4 27. g3 Qc6
28. Qe2 h6 29. h4 Qd7 30. Nf3 R4c7 31. c4 bxc4 32. Rxc4 Qb5 33. b3 Qxb3 34.
Rxc7 Rxc7 35. Rxc7 Nxc7 36. Kg2 Nb5 37. Qe4 d5 38. Qf4 Nxa3 39. Qc7 Nc4 40.
Qd8+ Kh7 41. Qd7 Qc2 42. Qxf7 Qg6 43. Qxg6+ Kxg6 44. Ne1 a4 45. Nc2 a3 46. g4
a2 47. Kf3 Na3 0-1

[Event "Prva A liga SSFBiH"]
[Site "Neum"]
[Date "2012.08.30"]
[Round "8.3"]
[White "Jefic, Srdjan"]
[Black "Salkic, Fikret"]
[Result "1-0"]
[WhiteElo "2165"]
[BlackElo "2192"]
[PlyCount "51"]
[EventDate "2012.08.25"]

1. e4 c5 2. Nc3 d6 3. f4 Nc6 4. Nf3 g6 5. g3 Bg7 6. d3 Nf6 7. Bg2 O-O 8. O-O
Rb8 9. h3 b5 10. g4 Ne8 11. f5 Nd4 12. Ne2 Nxf3+ 13. Rxf3 e6 14. Ng3 exf5 15.
gxf5 Bb7 16. c3 a5 17. Qe2 b4 18. Bd2 a4 19. a3 bxc3 20. Bxc3 Bxc3 21. bxc3 Qg5
22. Raf1 Bc6 23. Qf2 f6 24. fxg6 hxg6 25. Nf5 Kf7 26. Nxd6+ 1-0

[Event "Prva A liga SSFBiH"]
[Site "Neum"]
[Date "2012.08.30"]
[Round "8.3"]
[White "Dugonjic, Dragan"]
[Black "Miljkovic, Milan"]
[Result "0-1"]
[WhiteElo "2062"]
[BlackElo "2206"]
[PlyCount "78"]
[EventDate "2012.08.25"]

1. Nf3 Nf6 2. c4 g6 3. g3 Bg7 4. Bg2 d6 5. d4 Nbd7 6. Nc3 O-O 7. O-O c6 8. b3
e5 9. e3 a6 10. Qc2 Re8 11. Rd1 e4 12. Nd2 d5 13. cxd5 cxd5 14. a4 Nb8 15. b4
Bg4 16. Re1 Nc6 17. Ba3 Bf8 18. h3 Bf5 19. Reb1 Rc8 20. Qb2 Qd7 21. Kh2 h5 22.
Nb3 Nxb4 23. Nc1 Rc4 24. Bxb4 Rxb4 25. Qa2 Rc8 26. N1e2 Rbc4 27. Rb3 Bb4 28.
Qb2 a5 29. Bf1 R4c6 30. Na2 Rc2 31. Qb1 h4 32. Nxb4 axb4 33. g4 Bxg4 34. hxg4
Nxg4+ 35. Kg1 Qf5 36. f4 exf3 37. Nf4 Nxe3 38. Rxe3 Qxf4 39. Re8+ Kg7 0-1

[Event "Prva A liga SSFBiH"]
[Site "Neum"]
[Date "2012.08.30"]
[Round "8.3"]
[White "Djuric, Nebojsa"]
[Black "Nezirovic, Ozren"]
[Result "1/2-1/2"]
[WhiteElo "2181"]
[BlackElo "2132"]
[PlyCount "36"]
[EventDate "2012.08.25"]

1. e4 d6 2. d4 g6 3. f4 Bg7 4. Nc3 Nf6 5. Nf3 O-O 6. e5 dxe5 7. dxe5 Qxd1+ 8.
Kxd1 Nh5 9. Bc4 Nc6 10. Be3 Bh6 11. g3 Bf5 12. Bb3 Bg4 13. Ke2 Ng7 14. h3 Bxf3+
15. Kxf3 Nf5 16. Nd5 Nxe3 17. Nxe3 e6 18. Rad1 Rfd8 1/2-1/2

[Event "Prva A liga SSFBiH"]
[Site "Neum"]
[Date "2012.08.30"]
[Round "8.3"]
[White "Pilavdzic, Hamdija"]
[Black "Pantic, Bojan"]
[Result "0-1"]
[WhiteElo "2100"]
[BlackElo "2109"]
[PlyCount "74"]
[EventDate "2012.08.25"]

1. d4 Nf6 2. Nf3 e6 3. g3 b6 4. Bg2 Bb7 5. Bg5 Be7 6. O-O d6 7. c3 Nbd7 8. Nbd2
O-O 9. Qc2 d5 10. h3 c5 11. e3 Rc8 12. Bxf6 Bxf6 13. Qd1 b5 14. a3 Qc7 15. Rc1
a5 16. b4 cxb4 17. cxb4 Qd6 18. Qb3 axb4 19. axb4 Be7 20. Rb1 Ra8 21. Ne1 Nb6
22. Nd3 Nc4 23. Nf3 Ra3 24. Qd1 Rfa8 25. Nc5 Bc6 26. Rb3 Ra2 27. Qd3 Be8 28.
Rc1 f6 29. Rc2 Ra1+ 30. Kh2 Qc6 31. Nd2 Rd1 32. e4 Raa1 33. exd5 exd5 34. Qe2
Qd6 35. Nxc4 dxc4 36. Re3 Bc6 37. Re6 Rh1+ 0-1

[Event "Prva A liga SSFBiH"]
[Site "Neum"]
[Date "2012.08.30"]
[Round "8.4"]
[White "Djokic, Vladan"]
[Black "Nestorovic, Nikola"]
[Result "0-1"]
[WhiteElo "2334"]
[BlackElo "2430"]
[PlyCount "75"]
[EventDate "2012.08.25"]

1. e4 e5 2. Nf3 Nc6 3. Bb5 Nf6 4. O-O Nxe4 5. d4 Nd6 6. Bxc6 dxc6 7. dxe5 Nf5
8. Qxd8+ Kxd8 9. h3 h6 10. b3 Be6 11. Bb2 a5 12. Nc3 Kc8 13. g4 Ne7 14. Nd4 Bd7
15. e6 fxe6 16. Rfe1 e5 17. Nf3 Ng6 18. Rad1 Bd6 19. Ne4 Bb4 20. Re3 Re8 21. a4
b5 22. Kh2 Rb8 23. Kg3 bxa4 24. bxa4 Bf8 25. Bc3 c5 26. h4 Bxa4 27. Rd2 Bc6 28.
h5 Nf4 29. Nxe5 Nd5 30. Nxc6 Nxe3 31. fxe3 Rb1 32. Kf3 a4 33. Rd5 Rb6 34. Ne5
a3 35. Ba1 Rbe6 36. Ng3 a2 37. Rd1 Bd6 38. Nf5 0-1

[Event "Prva A liga SSFBiH"]
[Site "Neum"]
[Date "2012.08.30"]
[Round "8.4"]
[White "Mrndjic, Muamer"]
[Black "Mahmutbegovic, Midhat"]
[Result "1-0"]
[WhiteElo "2282"]
[BlackElo "2078"]
[PlyCount "89"]
[EventDate "2012.08.25"]

1. d4 d5 2. Nf3 Nf6 3. c4 e6 4. Nc3 b6 5. Bg5 Be7 6. e3 O-O 7. Rc1 Nbd7 8. cxd5
exd5 9. Bb5 Bb7 10. O-O Rc8 11. Bd3 c5 12. Bf5 c4 13. Ne5 Bc6 14. Bxf6 Bxf6 15.
Nxd7 Bxd7 16. Nxd5 Be5 17. dxe5 Bxf5 18. Re1 Be4 19. Nc3 Bd3 20. f4 a6 21. Qf3
b5 22. a3 Qb6 23. Qf2 Rfd8 24. e4 Qxf2+ 25. Kxf2 Rd4 26. Kf3 Rb8 27. g4 a5 28.
Ke3 Rbd8 29. Nxb5 Rxe4+ 30. Kf3 Rxe1 31. Rxe1 Rb8 32. a4 Bc2 33. Nd6 Rb3+ 34.
Re3 Bd3 35. f5 Rb6 36. e6 fxe6 37. Rxe6 h6 38. Re8+ Kh7 39. Rd8 Rxb2 40. Nf7 g5
41. Rd7 Be2+ 42. Ke3 Bxg4 43. Ne5+ Kh8 44. Nxg4 c3 45. Nf6 1-0

[Event "Prva A liga SSFBiH"]
[Site "Neum"]
[Date "2012.08.30"]
[Round "8.4"]
[White "Rogovic, Ismet"]
[Black "Durakovic, Alman"]
[Result "0-1"]
[WhiteElo "2021"]
[BlackElo "2217"]
[PlyCount "86"]
[EventDate "2012.08.25"]

1. e4 c5 2. Nf3 d6 3. c3 Nf6 4. Bd3 Nc6 5. Bc2 Bg4 6. d3 e6 7. Nbd2 Be7 8. Nf1
Bh5 9. Ng3 Bg6 10. O-O O-O 11. Ne2 c4 12. Nf4 cxd3 13. Nxg6 hxg6 14. Bxd3 Qc7
15. Qe2 Rfd8 16. Bf4 Nh5 17. Bd2 Ne5 18. Nxe5 dxe5 19. Rad1 Nf4 20. Bxf4 exf4
21. Bc4 Qe5 22. Bb3 Bd6 23. Qf3 Bc7 24. g3 g5 25. Rfe1 b5 26. Rxd8+ Rxd8 27.
Rd1 Bd6 28. Rd4 Rb8 29. Qd3 Rb6 30. Bd1 g6 31. Kg2 Kg7 32. b3 Qc5 33. c4 b4 34.
Bc2 Qe5 35. Qd1 g4 36. Rd2 f3+ 37. Kh1 Bc5 38. Kg1 Qh5 39. Bd3 Rb8 40. Bf1 e5
41. Rd8 Bxf2+ 42. Kxf2 Qxh2+ 43. Ke3 Qg1+ 0-1

[Event "Prva A liga SSFBiH"]
[Site "Neum"]
[Date "2012.08.30"]
[Round "8.4"]
[White "Mahmutbegovic, Nadina"]
[Black "Bucan, Eldin"]
[Result "0-1"]
[WhiteElo "1687"]
[BlackElo "2140"]
[PlyCount "74"]
[EventDate "2012.08.25"]

1. e4 c5 2. Nf3 Nc6 3. d4 cxd4 4. Nxd4 Nf6 5. Nc3 e5 6. Nb3 Bb4 7. Bd3 d5 8.
exd5 Nxd5 9. Bd2 O-O 10. O-O Bxc3 11. bxc3 Qh4 12. g3 Qh3 13. Be4 Nde7 14. Bg2
Qe6 15. Re1 Qg6 16. f4 f6 17. c4 Bf5 18. c3 Rad8 19. fxe5 fxe5 20. Qc1 h6 21.
Be3 b6 22. Nd2 Bd3 23. Bf2 Qf7 24. Be3 Bxc4 25. Nxc4 Qxc4 26. Bf1 Qe6 27. Rd1
e4 28. Rxd8 Rxd8 29. Qe1 Ne5 30. Be2 Nf5 31. Bf4 Nd3 32. Qf1 g5 33. Bc7 Rd7 34.
Bg4 Rf7 35. Bb8 Qd5 36. Qe2 Qc5+ 37. Kg2 Ne3+ 0-1

[Event "Prva A liga SSFBiH"]
[Site "Neum"]
[Date "2012.08.30"]
[Round "8.4"]
[White "Tucakovic, Mario"]
[Black "Mesic, Vehid"]
[Result "0-1"]
[WhiteElo "2040"]
[BlackElo "1504"]
[PlyCount "46"]
[EventDate "2012.08.25"]

1. e4 e5 2. Nf3 Nc6 3. Bc4 Nf6 4. d3 Bc5 5. O-O d6 6. c3 Bb6 7. h3 Be6 8. Bxe6
fxe6 9. Nfd2 O-O 10. Nc4 Ne7 11. Qb3 Qc8 12. a4 Nc6 13. a5 Bc5 14. Qc2 a6 15.
b4 Ba7 16. Bb2 Nh5 17. Qd2 Qe8 18. Ne3 Rf3 19. gxf3 Nf4 20. Kh2 Qh5 21. Rh1
Qxf3 22. Kg1 Bxe3 23. fxe3 Ne2+ 0-1

[Event "Prva A liga SSFBiH"]
[Site "Neum"]
[Date "2012.08.31"]
[Round "9.1"]
[White "Bajric, Sakib"]
[Black "Djokic, Vladan"]
[Result "0-1"]
[WhiteElo "2202"]
[BlackElo "2334"]
[PlyCount "78"]
[EventDate "2012.08.25"]

1. e4 c5 2. d3 Nc6 3. g3 h5 4. h3 d5 5. Nc3 dxe4 6. Nxe4 b6 7. Bg2 Bb7 8. Nc3
Qd7 9. Be3 g6 10. Qd2 Nh6 11. O-O-O Nf5 12. Kb1 Bg7 13. Nge2 O-O-O 14. a4 Kb8
15. Ne4 Nxe3 16. fxe3 Bh6 17. N4c3 e5 18. Nc1 f5 19. Qf2 Rhf8 20. h4 Nb4 21.
Bxb7 Qxb7 22. Rhf1 a6 23. N1a2 Nc6 24. Qe1 b5 25. axb5 axb5 26. e4 Qa6 27. b3
Rd7 28. exf5 gxf5 29. Qf2 Nd4 30. Qe1 Bg7 31. Rd2 Ra7 32. Rdf2 Rff7 33. Qd1 Qg6
34. Rg1 Rfd7 35. Qc1 c4 36. dxc4 bxc4 37. b4 e4 38. Qf4+ Ka8 39. Rd2 Bh6 0-1

[Event "Prva A liga SSFBiH"]
[Site "Neum"]
[Date "2012.08.31"]
[Round "9.1"]
[White "Mahmutbegovic, Midhat"]
[Black "Okicic, Nermin"]
[Result "1/2-1/2"]
[WhiteElo "2078"]
[BlackElo "2170"]
[PlyCount "119"]
[EventDate "2012.08.25"]

1. e4 g6 2. d4 Bg7 3. Nf3 d6 4. Bc4 Nf6 5. Nc3 O-O 6. Be3 c6 7. a4 d5 8. exd5
Nxd5 9. Nxd5 cxd5 10. Bd3 Nc6 11. c3 Re8 12. O-O Bg4 13. h3 Bxf3 14. Qxf3 e6
15. Rfe1 Rc8 16. Qg3 a6 17. Bf4 Na5 18. h4 h5 19. Be5 Nc4 20. Bxg7 Kxg7 21. Re2
Rc6 22. Rae1 Qf6 23. Qg5 Qxg5 24. hxg5 Rec8 25. g3 Rb6 26. Bxc4 Rxc4 27. Ra1 a5
28. Kg2 Rc8 29. Kf3 Kf8 30. Ke3 Ke7 31. Kd3 Rc4 32. Kc2 Rbc6 33. Kd3 Rc8 34. f3
Kd6 35. Re5 Rh8 36. Re2 Rhc8 37. Re5 h4 38. gxh4 Rh8 39. b3 Rcc8 40. Rh1 Rh5
41. Re2 Rch8 42. Reh2 b6 43. b4 Ra8 44. bxa5 Rxa5 45. Rb2 Rxa4 46. Rxb6+ Ke7
47. Rb7+ Kf8 48. Rc7 Ra2 49. Rb1 Ra8 50. Rbb7 Rh7 51. Ke3 Kg8 52. Kd3 Rf8 53.
Ke3 Rxh4 54. Re7 Rh1 55. Kf4 Re1 56. Rbc7 Rf1 57. Ke3 Rc1 58. Kf4 Re1 59. Kg3
Re2 60. Kf4 1/2-1/2

[Event "Prva A liga SSFBiH"]
[Site "Neum"]
[Date "2012.08.31"]
[Round "9.1"]
[White "Salkic, Fikret"]
[Black "Rogovic, Ismet"]
[Result "1-0"]
[WhiteElo "2192"]
[BlackElo "2021"]
[PlyCount "57"]
[EventDate "2012.08.25"]

1. e4 e5 2. Nf3 Nc6 3. Bb5 a6 4. Ba4 Nf6 5. O-O b5 6. Bb3 Be7 7. Re1 O-O 8. d3
d6 9. c3 Na5 10. Bc2 c5 11. h3 Qc7 12. Nbd2 Nc6 13. Qe2 Re8 14. Nf1 h6 15. Ng3
Bf8 16. Nh2 b4 17. Ng4 Bxg4 18. hxg4 Ne7 19. g5 hxg5 20. Bxg5 Nh7 21. Bd2 a5
22. Bb3 Ng6 23. Qg4 Nh8 24. Nf5 g6 25. Re3 Nf6 26. Qh4 Qd8 27. Rg3 d5 28. Bg5
Ra6 29. Rh3 1-0

[Event "Prva A liga SSFBiH"]
[Site "Neum"]
[Date "2012.08.31"]
[Round "9.1"]
[White "Nezirovic, Ozren"]
[Black "Mahmutbegovic, Nadina"]
[Result "0-1"]
[WhiteElo "2132"]
[BlackElo "1687"]
[PlyCount "48"]
[EventDate "2012.08.25"]

1. e4 e5 2. Nf3 Nc6 3. Bc4 Bc5 4. c3 Nf6 5. d3 d6 6. Bb3 O-O 7. h3 Bb6 8. Nbd2
Ne7 9. Nf1 Ng6 10. Ng3 c6 11. O-O Be6 12. d4 Qe8 13. Re1 Bc7 14. Nh2 Qd8 15.
Bxe6 fxe6 16. Qb3 Qc8 17. dxe5 Nxe5 18. Be3 d5 19. Bc5 Rf7 20. Qc2 Ned7 21. Ba3
Bxg3 22. fxg3 Nxe4 23. Rf1 Qc7 24. g4 Qb6+ 0-1

[Event "Prva A liga SSFBiH"]
[Site "Neum"]
[Date "2012.08.31"]
[Round "9.1"]
[White "Mesic, Vehid"]
[Black "Memic, Hazim"]
[Result "1-0"]
[WhiteElo "1504"]
[BlackElo "2022"]
[PlyCount "103"]
[EventDate "2012.08.25"]

1. e4 e5 2. Nf3 Nc6 3. Nc3 d6 4. Bb5 Bd7 5. d4 Nxd4 6. Nxd4 exd4 7. Bxd7+ Qxd7
8. Qxd4 Ne7 9. Be3 Nc6 10. Qd2 Be7 11. Nd5 Ne5 12. O-O-O f6 13. f4 Nc6 14. f5
a5 15. a3 Bd8 16. Qe2 Ne5 17. Nf4 O-O 18. Bd4 Re8 19. Ne6 Rxe6 20. fxe6 Qxe6
21. Bxe5 Qxe5 22. Qg4 Qg5+ 23. Qxg5 fxg5 24. e5 dxe5 25. Rd7 Rc8 26. Rd5 b6 27.
Rxe5 Kf7 28. Rd1 Bf6 29. Rd7+ Kg6 30. Re2 g4 31. c3 h5 32. Kc2 Kf5 33. Rd5+ Kg6
34. Kd3 Rd8 35. Kc4 Rxd5 36. Kxd5 Kf5 37. Rf2+ Kg5 38. Ke6 c5 39. a4 Bd8 40.
Kd7 Bf6 41. Kc6 Bd8 42. Rf8 Bf6 43. Rxf6 gxf6 44. Kxb6 f5 45. Kxc5 h4 46. Kd4
Kf4 47. b4 h3 48. gxh3 g3 49. hxg3+ Kxg3 50. b5 f4 51. b6 f3 52. b7 1-0

[Event "Prva A liga SSFBiH"]
[Site "Neum"]
[Date "2012.08.31"]
[Round "9.2"]
[White "Rasidovic, Sead"]
[Black "Saric, Sinisa"]
[Result "1/2-1/2"]
[WhiteElo "2359"]
[BlackElo "2433"]
[PlyCount "20"]
[EventDate "2012.08.25"]

1. e4 d5 2. exd5 Qxd5 3. Nc3 Qd8 4. d4 Nf6 5. Nf3 c6 6. Be2 Bg4 7. O-O e6 8. h3
Bf5 9. Bd3 Bxd3 10. Qxd3 Nbd7 1/2-1/2

[Event "Prva A liga SSFBiH"]
[Site "Neum"]
[Date "2012.08.31"]
[Round "9.2"]
[White "Miljkovic, Milan"]
[Black "Strinic, Halid"]
[Result "0-1"]
[WhiteElo "2206"]
[BlackElo "2120"]
[PlyCount "68"]
[EventDate "2012.08.25"]

1. e4 e5 2. Nf3 Nc6 3. Nc3 d6 4. h3 Nf6 5. d4 Be7 6. Bb5 exd4 7. Nxd4 Bd7 8.
Nf5 Bxf5 9. exf5 O-O 10. O-O a6 11. Ba4 Ne5 12. Bb3 c6 13. Be3 d5 14. f4 Ned7
15. g4 Bc5 16. Bxc5 Nxc5 17. g5 Nfe4 18. Nxe4 Nxe4 19. Kg2 b5 20. c3 Qd7 21.
Qg4 Rfe8 22. Rad1 Nd6 23. g6 Qxf5 24. gxh7+ Kxh7 25. Rf2 Qxg4+ 26. hxg4 g6 27.
f5 Kg7 28. f6+ Kh6 29. Bxd5 cxd5 30. Rxd5 Ne4 31. g5+ Kh5 32. Rf4 Nxg5 33. Rf3
Re4 34. Rfd3 Rae8 0-1

[Event "Prva A liga SSFBiH"]
[Site "Neum"]
[Date "2012.08.31"]
[Round "9.2"]
[White "Pantic, Bojan"]
[Black "Miladinovic, Zlatko"]
[Result "1-0"]
[WhiteElo "2109"]
[BlackElo "1962"]
[PlyCount "57"]
[EventDate "2012.08.25"]

1. d4 d6 2. c4 g6 3. Nc3 Bg7 4. e4 Nd7 5. f4 c5 6. d5 a6 7. a4 Ngf6 8. Nf3 O-O
9. Bd3 e6 10. dxe6 fxe6 11. O-O Nb8 12. Ng5 Nc6 13. Be3 Nd4 14. e5 Ne8 15. Nxh7
Kxh7 16. Qh5+ Kg8 17. Bxg6 Rf5 18. Qh7+ Kf8 19. g4 Rf7 20. Bxf7 Kxf7 21. f5
exf5 22. gxf5 dxe5 23. Nd5 Ne2+ 24. Kh1 Nf4 25. Bxf4 exf4 26. Qg6+ Kf8 27. Rae1
Bd7 28. f6 Nxf6 29. Re7 1-0

[Event "Prva A liga SSFBiH"]
[Site "Neum"]
[Date "2012.08.31"]
[Round "9.3"]
[White "Kruskic, Mirsad"]
[Black "Muratovic, Enver"]
[Result "0-1"]
[WhiteElo "2118"]
[BlackElo "2301"]
[PlyCount "76"]
[EventDate "2012.08.25"]

1. d4 d5 2. Nf3 Nf6 3. c4 e6 4. g3 c6 5. Nc3 dxc4 6. Bg2 Nbd7 7. a4 a5 8. e4
Bb4 9. Qc2 h6 10. O-O O-O 11. Rd1 Nb6 12. h3 Qe7 13. Bf4 Rd8 14. Ne5 Nfd7 15.
Nxd7 Rxd7 16. Be3 Qd8 17. Qe2 Bf8 18. f4 g6 19. Rd2 Bg7 20. Rad1 Kh7 21. Qf2
Ra6 22. h4 h5 23. f5 exf5 24. exf5 Nd5 25. Bg5 Qh8 26. Ne4 Rb6 27. Bh3 Rc7 28.
Kh2 Qf8 29. Rf1 Kg8 30. Qg2 gxf5 31. Bxf5 Bxf5 32. Rxf5 f6 33. Rdf2 Rf7 34. Qf3
Rb3 35. Qxh5 Rd3 36. Qg6 Ne7 37. Qh5 Nxf5 38. Rxf5 Qe7 0-1

[Event "Prva A liga SSFBiH"]
[Site "Neum"]
[Date "2012.08.31"]
[Round "9.3"]
[White "Kojic, Tigran"]
[Black "Alihodzic, Muzafer"]
[Result "1-0"]
[WhiteElo "2322"]
[BlackElo "2081"]
[PlyCount "53"]
[EventDate "2012.08.25"]

1. d4 d5 2. c4 e6 3. Nc3 Nf6 4. Nf3 Nbd7 5. cxd5 exd5 6. Bg5 Be7 7. e3 c6 8.
Qc2 Bb4 9. Bd3 h6 10. Bh4 c5 11. O-O b6 12. Nxd5 g5 13. Nxf6+ Nxf6 14. Bg3 Bb7
15. a3 Ba5 16. b4 cxb4 17. axb4 h5 18. bxa5 h4 19. Be5 g4 20. Ng5 Rc8 21. Bb5+
Kf8 22. Qf5 Rh6 23. a6 Ba8 24. Rac1 Rxc1 25. Rxc1 Qd5 26. Rc8+ Ke7 27. Re8+ 1-0

[Event "Prva A liga SSFBiH"]
[Site "Neum"]
[Date "2012.08.31"]
[Round "9.3"]
[White "Music, Suad"]
[Black "Bajramovic, Halid"]
[Result "0-1"]
[WhiteElo "2021"]
[BlackElo "2160"]
[PlyCount "66"]
[EventDate "2012.08.25"]

1. d4 d5 2. c4 e6 3. cxd5 exd5 4. Nc3 Nf6 5. Bg5 Be7 6. Nf3 Bf5 7. Bxf6 Bxf6 8.
Qb3 Be6 9. Qxb7 Nd7 10. e3 Rb8 11. Qxa7 Rxb2 12. Bd3 O-O 13. O-O c5 14. Qa3 Rb8
15. Rfb1 Ra8 16. Qc1 Qa5 17. a4 cxd4 18. exd4 Rfc8 19. Ra3 Rc7 20. Qb2 Be7 21.
Rb3 Rac8 22. Nb5 Rb7 23. Rc3 Rcb8 24. Qc2 g6 25. Rc8+ Kg7 26. Rxb8 Rxb8 27. Ra1
Ra8 28. Nd2 Qb4 29. Nc7 Ra7 30. Nb5 Ra5 31. Qa2 Nb6 32. Rb1 Rxa4 33. Rxb4 Rxa2
0-1

[Event "Prva A liga SSFBiH"]
[Site "Neum"]
[Date "2012.08.31"]
[Round "9.3"]
[White "Radic, Bojan"]
[Black "Miralem, Mirza"]
[Result "1-0"]
[WhiteElo "2187"]
[BlackElo "2038"]
[PlyCount "61"]
[EventDate "2012.08.25"]

1. e4 e5 2. Nf3 Nc6 3. d4 exd4 4. Nxd4 Nf6 5. Nxc6 bxc6 6. e5 Qe7 7. Qe2 Nd5 8.
c4 Ba6 9. g3 g6 10. b3 Bg7 11. Bb2 O-O 12. Bg2 Rfe8 13. O-O Nb6 14. Re1 d5 15.
Qd2 Qe6 16. Na3 Bf8 17. Qa5 Bb7 18. Rac1 Bxa3 19. cxd5 cxd5 20. Bxa3 c6 21. Qb4
Ba6 22. Qh4 f5 23. Qd4 Nd7 24. f4 Bb7 25. Qb4 Ba6 26. Qa5 Bd3 27. Bd6 h6 28.
Rxc6 Be4 29. Rec1 Nb6 30. Bc7 Qf7 31. Rf6 1-0

[Event "Prva A liga SSFBiH"]
[Site "Neum"]
[Date "2012.08.31"]
[Round "9.3"]
[White "Markovic, Dino"]
[Black "Ivic, Marko"]
[Result "0-1"]
[WhiteElo "1511"]
[BlackElo "1932"]
[PlyCount "80"]
[EventDate "2012.08.25"]

1. d4 Nf6 2. c4 e6 3. Nc3 d5 4. Nf3 Be7 5. Bg5 Nbd7 6. e3 O-O 7. Bd3 b6 8. cxd5
Nxd5 9. Bxe7 Qxe7 10. Nxd5 exd5 11. Qc2 c5 12. Bxh7+ Kh8 13. Bf5 cxd4 14. Nxd4
Ne5 15. Bxc8 Raxc8 16. Qf5 g6 17. Qh3+ Kg8 18. O-O Nd3 19. b3 Kg7 20. Qg3 Qf6
21. Rfd1 Nc5 22. Nf3 Ne4 23. Qe5 Qxe5 24. Nxe5 Rc2 25. Rxd5 Nxf2 26. Rf1 Ne4
27. Rd7 Rxa2 28. Nxf7 Nf6 29. Ne5+ Nxd7 30. Nxd7 Rxf1+ 31. Kxf1 Rb2 32. e4 Rxb3
33. e5 Kf7 34. Nb8 a5 35. Nd7 Ke6 36. Nf8+ Kxe5 37. Nxg6+ Kf6 38. Nf4 a4 39. h4
a3 40. h5 Kg5 0-1

[Event "Prva A liga SSFBiH"]
[Site "Neum"]
[Date "2012.08.31"]
[Round "9.4"]
[White "Konjicanin, Muris"]
[Black "Sekulic, Dusan"]
[Result "1/2-1/2"]
[WhiteElo "2258"]
[BlackElo "2306"]
[PlyCount "21"]
[EventDate "2012.08.25"]

1. d4 d5 2. c4 e6 3. cxd5 exd5 4. Nc3 Nf6 5. Bg5 Be7 6. e3 O-O 7. Bd3 c6 8.
Nge2 Re8 9. O-O Nbd7 10. Qc2 Ne4 11. Bxe7 1/2-1/2